[Event "Arctic Cup 3rd"]
[Site "Salekhard"]
[Date "2007.10.13"]
[Round "6"]
[White "Salnikov, Pavel"]
[Black "Hrabusa, Matej"]
[Result "0-1"]
[WhiteElo "2146"]
[BlackElo "2304"]
[PlyCount "60"]
[EventDate "2007.10.08"]
[EventType "team"]
[EventRounds "11"]
[EventCountry "RUS"]
[SourceTitle "CBM 120 Extra"]
[Source "ChessBase"]
[SourceDate "2007.11.01"]
[SourceVersion "1"]
[SourceVersionDate "2007.11.01"]
[SourceQuality "1"]

1. e4 c5 2. Nf3 e6 3. d4 cxd4 4. Nxd4 Nf6 5. Bd3 Nc6 6. Nxc6 bxc6 7. c4 Be7 8. Nc3 e5 9. 0-0 h6 10. b3 0-0 11. Bb2 d6 12. Bc2 Bg4 13. f3 Be6 14. Ne2 Qb6+ 15. Kh1 Bxc4 16. bxc4 Qxb2 17. Bb3 Qa3 18. Qd2 Nd7 19. f4 Bf6 20. Rab1 exf4 21. Qxf4 Be5 22. Qf5 Nf6 23. Nf4 a5 24. Nh5 Nxh5 25. Qxh5 a4 26. Bc2 Qxa2 27. Bd3 a3 28. Rb7 Qd2 29. Qf3 a2 30. Rxf7 Rxf7 0-1

[Event "Arctic Cup 3rd"]
[Site "Salekhard"]
[Date "2007.10.09"]
[Round "2"]
[White "Salnikov, Pavel"]
[Black "Potapov, Pavel"]
[Result "0-1"]
[WhiteElo "2146"]
[BlackElo "2379"]
[PlyCount "52"]
[EventDate "2007.10.08"]
[EventType "team"]
[EventRounds "11"]
[EventCountry "RUS"]
[SourceTitle "CBM 120 Extra"]
[Source "ChessBase"]
[SourceDate "2007.11.01"]
[SourceVersion "1"]
[SourceVersionDate "2007.11.01"]
[SourceQuality "1"]

1. e4 c5 2. Nf3 Nc6 3. Bb5 g6 4. Bxc6 dxc6 5. d3 Bg7 6. h3 Nh6 7. Nc3 f6 8. Be3 b6 9. Qd2 Nf7 10. 0-0 e5 11. Nh2 0-0 12. Ng4 f5 13. Nh6+ Bxh6 14. Bxh6 Re8 15. exf5 g5 16. f4 gxf4 17. Bxf4 exf4 18. Rxf4 Nd6 19. f6 Rf8 20. Raf1 Kh8 21. Ne4 Nf7 22. Rh4 Rg8 23. Qe2 Rg6 24. Nd6 Nxd6 25. f7 Bf5 26. Qh5 Rg7 0-1